Every #1 CFP Team - Statistics

General Stats
  • This quiz has been taken 46 times
  • The average score is 9 of 10
Answer Stats
Conference Weeks at #1 Answer % Correct
SEC 24 Alabama
100%
ACC 8 Clemson
98%
SEC 15 Georgia
98%
SEC 3 LSU
98%
Big-10 10 Ohio State
98%
Pac-12/Big-10 6 Oregon
98%
Big-10 1 Michigan
95%
SEC 1 Tennessee
93%
Big-10 1 Indiana
85%
SEC 3 Mississippi State
71%
No matching quizzes found
Score Distribution
Percent of People with Each Score
Percentile by Number Answered
Your Score History
You have not taken this quiz